00360 2200157 4500245003700000020002200037250001100059100001700070650001600087005001900103260003400122041001400156084000800170300001500178336000900193 aRock 'n LovecLee Soo SanghText a978-602-19144-5-8 aCet. 1 aLee Soo Sang aNovel Fiksi a20230112152259 aYogyakartabSecond Hopec2012 aIndonesia a813 a180 hlm. : atext